[Event "Jermuk FIDE GP"]
[Site "Jermuk"]
[Date "2009.08.20"]
[Round "10"]
[White "Kamsky, Gata"]
[Black "Kasimdzhanov, Rustam"]
[Result "1/2-1/2"]
[WhiteElo "2717"]
[BlackElo "2672"]
[Annotator "Kritz,L"]
[PlyCount "145"]
[EventDate "2009.08.09"]
[EventType "tourn"]
[EventRounds "13"]
[EventCountry "ARM"]
[EventCategory "19"]
[SourceTitle "CBM 132"]
[Source "ChessBase"]
[SourceDate "2009.09.16"]
[SourceVersion "1"]
[SourceVersionDate "2009.09.16"]
[SourceQuality "1"]

1. e4 e5 2. Nf3 Nf6 3. Nxe5 d6 4. Nf3 Nxe4 5. Nc3 ({Die alte klassische
Spielweise nach} 5. d4 d5 6. Bd3 Nc6 7. O-O Be7 8. c4 Bf5 9. Nc3 Nb4 10. Be2
O-O 11. a3 Nxc3 12. bxc3 Nc6 13. Re1 Re8 14. cxd5 Qxd5 15. Bf4 Rac8 $11 {
führt zu einer Stellung, die mit Hilfe des Computers fast bis zum Ende
ausanalysiert wurde und Ausgleich als Diagnose festgestellt wurde.}) 5... Nxc3
(5... d5 $6 {Ein Versuch direkt zu kontern endet mit Misserfolg:} 6. Qe2 Be7 7.
Nxe4 dxe4 8. Qxe4 O-O 9. Bc4 Re8 10. Ne5 $1 $18) 6. dxc3 Be7 7. Be3 (7. Bf4 {
ist eine parallele Variante, in der die einfachste Methode auszugleichen die
selbe ist, wie nach 7.Be3.} Nc6 {Für Schwarz ist der Plan mit der langen
Rochade der sicherste, um Ausgleich zu erzielen.} 8. Qd2 Be6 9. O-O-O Qd7 10.
Kb1 (10. h4 h6 11. g3 Bf6 12. Bg2 O-O-O 13. Kb1 Rhe8 14. Rhe1 Bg4 15. Qd5 Rxe1
16. Rxe1 Re8 $11 {Efimenko - Zhou Jianchao (Al Ain, 2008)}) 10... O-O-O $1 {
Ich denke, nach allen Experimenten mit 10...a6, die sofortige Rochade ist der
beste Zug. Weiß kann mittels Bb5 nichts rausholen, d.h. Schwarz braucht keine
Zeit zu verlieren.} 11. Bb5 (11. Ng5 Bxg5 12. Bxg5 f6 $11 {Efimenko - Sakaev 
(Kallithea, 2008)}) 11... a6 12. Ba4 (12. Bxc6 Qxc6 13. Nd4 $6 Qxg2 14. Rhg1
Qd5 15. Nxe6 Qxd2 16. Bxd2 fxe6 17. Rxg7 Bf6 $15) 12... Bf6 13. Bg5 (13. Nd4
Bd5 $11) 13... Bxg5 14. Qxg5 b5 15. Bb3 f6 16. Bxe6 Qxe6 17. Qf4 (17. Qxg7 Rdg8
18. Qh6 Rxg2 19. Rhe1 Qf5 $11) 17... h5 18. h3 g5 $11 {Ivanchuk - Kramnik 
(Moscow, 2008)}) 7... Nc6 8. Qd5 $5 {Zumindest mal eine interessante und nicht
zu oft gespielte Fortsetzung. Bringt allerdings auch keinen Vorteil.} (8. Qd2
Be6 (8... O-O 9. O-O-O Ne5 10. Kb1 Re8 (10... a6 11. Be2 Be6 12. Nd4 Nc4 13.
Qd3 Nxe3 14. Nxe6 fxe6 15. Qxe3 e5 16. Bd3 $14 {Anand - Kramnik (Monte Carlo,
2005)}) 11. h4 Bg4 12. Be2 Qc8 13. h5 Bf6 14. Nxe5 Bxe2 15. Qxe2 Bxe5 16. Qf3
$14 {Bologan - Charbonneau (Turin, 2006)}) 9. O-O-O Qd7 10. Ng5 (10. Bb5 a6 11.
Ba4 O-O 12. Rhe1 b5 13. Bb3 Na5 $1 (13... Bxb3 14. axb3 a5 15. Qd5 $14 {
Karjakin - Kritz (Gothenburg, 2005)}) 14. Bxe6 fxe6 $132) 10... Bxg5 11. Bxg5
f6 12. Be3 O-O-O $11 {Der Vorteil des Läuferpaares ist nicht auszunutzen.})
8... Bf6 {Eine neue Idee, aber auch in den Vorgängerpartien konnte Schwarz
gute Stellungen bekommen.} (8... Be6 {Dieser Zug erscheint sehr logisch.} 9.
Qb5 Qc8 10. O-O-O a6 11. Qa4 {In allen gespielten Partien hatte Schwarz keine
große Mühe, um Ausgleich zu erzielen.} O-O (11... Qd7 12. h4 Ne5 13. Qf4 Nxf3
14. Qxf3 $11 {Ohne Springer konnte Weiß nichts erreichen in Volokitin -
Eljanov (Sochi, 2006)}) (11... Bd7 12. Qf4 Nd8 13. Qg3 Ne6 $11 {Volokitin -
Kritz (Mainz, 2006)}) 12. Qf4 Bf6 13. Bd3 Ne5 14. Bd4 Bg4 15. Be4 Ng6 16. Qg3
Bxd4 17. Rxd4 Bf5 $11 {Karjakin - Erenburg (Sochi, 2006)}) 9. O-O-O Ne7 10. Qh5
O-O (10... g6 $6 11. Qb5+ c6 12. Qd3 Be6 13. Bg5 $1 $14 (13. Qxd6 Qxd6 14. Rxd6
Nd5 $44)) (10... Bf5 $2 {ist ein Fehler:} 11. Bd4 Bxd4 12. Nxd4 g6 (12... Bg6
13. Qb5+ $16) 13. Qh6 Qd7 14. Qg7 $16) 11. Ng5 {Weiß spielt sehr direkt und
eigentlich planlos.} Bf5 12. Bd3 {So die Eröffnung zu spielen ist dasselbe wie
gleich Remis anzubieten.} Bxg5 13. Bxg5 Bxd3 14. Rxd3 f6 $11 {Die schwarze
Stellung ist auf keinen Fall schlechter. Die Schwäche des Feldes e6 ist eher
eine symbolische. Der weiße Läufer ist schlecht, weil er keine Aktivität
zeigen kann.} 15. Bd2 Qe8 $1 {Schwarz muss das letzte Mal aufpassen.} (15...
Qd7 $6 {erlaubt Weiß die Initiative zu übernehmen.} 16. Re1 $1 {/\Rh3} Rae8 17.
Rde3 $14) 16. Qh3 (16. Qxe8 {Damentausch ist nicht im Sinne von Weiß.} Rfxe8
$11) 16... Qf7 17. b3 Rae8 18. Re1 Ng6 (18... Nc6 $5 {sieht natürlicher aus.
Am Königsflügel kann Weiß sowieso nicht angreifen.} 19. Rde3 Re5 $132) 19. Rde3
Re5 {Schwarz spielt auf Konter. Remis sichert das Nehmen auf e3.} (19... Rxe3
20. Qxe3 b6 21. a4 a5 $11) 20. g3 d5 (20... Rfe8 $5 21. f4 Rxe3 22. Rxe3 Rxe3
23. Bxe3 Qe8 $11 {Auf Dauer sind Dame und Springer gefährlicher als Dame und
Läufer.}) 21. f4 Rxe3 22. Rxe3 Re8 23. Qf5 c6 24. Qd3 a6 {Die von Schwarz
gewählte Strategie, nämlich die Bauern auf weiße Felder zu stellen, ist gut im
Remissinne, erlaubt jedoch dem weißen Läufer, alle Freiheiten des Brettes zu
genießen. Wenn man um Vorteil kämpfen möchte, sollte man die Bauern auf
Schwarz stellen und den Läufer begrenzen.} 25. a4 Rxe3 26. Bxe3 Nf8 {Es ist
fraglich, wer eigentlich auf Gewinn gespielt hat, denn beide Seiten haben kaum
Chancen.} 27. Qd4 Qe6 ({Eine andere Festung entsteht nach} 27... Ne6 28. Qa7 g6
29. Kb2 f5 30. Qb8+ Kg7 31. h3 h5 $11) 28. Qa7 Qc8 29. Kb2 h5 30. Bc5 Ne6 31.
Bd6 Kf7 32. h3 g6 33. g4 hxg4 34. hxg4 Ng7 {Die Figuren dominieren einander.
Die Damen neutralisieren sich gegenseitig, dasselbe geschieht mit dem Läufer
und dem Springer.} 35. a5 f5 36. g5 (36. gxf5 Nxf5 37. Be5 $11 {Diese Stellung
ist ebenfalls Remis.}) 36... Nh5 37. Be5 Ng3 38. Qd4 Qe6 39. Qf2 Nh5 (39... Ne4
$2 {Die Zentralisation des Springers führt zu Problemen.} 40. Qh4 Ke7 41. Qh8
$16 {Und der Springer ist eigentlich aus dem Spiel ausgeschaltet.}) 40. Qb6 Qd7
41. Qd4 Qe6 42. Qb4 Qe7 {Damentausch ist tödlich für Weiß.} 43. Bd6 (43. Qxe7+
$2 Kxe7 44. Ka3 Ng3 45. Kb4 Ne4 $15 {Und wenn hier jemand eine Chance hat,
dann ist es Schwarz.}) 43... Qd7 44. c4 {Weiß öffnet das Spiel, aber das
ändert den Grundstein der Bauernstruktur nicht - die Stellung bleibt
ausgeglichen.} dxc4 45. Qxc4+ Qe6 46. Qb4 Qd7 47. Qd4 Kg8 48. Qc4+ Qf7 49. Qc5
Qd7 50. Be5 Kf7 51. Qe3 Qe7 52. Qd4 {Weiß findet keinen Durchbruch.} Ke8 53.
Qa7 Kf7 54. Qb8 Ke6 55. Bc7 Qd7 {Das ist die einzige kritische Stellung. Die
Frage ist, ob Weiß auf b7 nehmen kann.} 56. Bb6 (56. Qxb7 Nxf4 57. Qb8 Nd5 58.
Be5 f4 $1 {Die Stellung des weißen Königs hat sich geöffnet. Schwarz nutzt es
sofort aus und beweist ein Mal mehr die Stärke des Tandems Dame-Springer.} 59.
Bxf4 Qg7+ 60. Kb1 Nc3+ 61. Kc1 Na2+ 62. Kb1 (62. Kd1 Qd4+ 63. Ke1 Nc3 $1 $44 {
Weiß kann hier bestimmt nicht auf Gewinn spielen.}) 62... Nc3+ $11) 56... Qg7+
57. c3 Kd5 {Schwarz versucht die unglückliche Lage der weißen Figuren zu
nutzen und beginnt eine offensive, die jedoch nicht lange dauert.} 58. Qe8 Nxf4
59. Bd4 Qc7 60. Qe3 c5 61. c4+ Kc6 62. Qf3+ (62. Be5 $4 Qxe5+ 63. Qxe5 Nd3+ $19
) 62... Kd7 63. Bf6 {Schwarz gewann den Bauern, doch Weiß hat ausreichende
Kompensation.} Ke8 64. Qh1 Ne6 65. Qh8+ Nf8 66. Bg7 Qf7 67. Kc2 f4 68. Bxf8
Qxf8 69. Qxf8+ Kxf8 70. Kd3 Ke7 71. Ke4 Kd6 72. Kxf4 Ke6 73. Ke4 1/2-1/2

[Event "EU-ch 6th"]
[Site "Warsaw"]
[Date "2005.06.25"]
[Round "7"]
[White "Kobalia, Mihail"]
[Black "Kritz, Leonid"]
[Result "1/2-1/2"]
[WhiteElo "2644"]
[BlackElo "2549"]
[Annotator "Kritz,L"]
[PlyCount "89"]
[EventDate "2005.06.18"]
[EventType "swiss"]
[EventRounds "13"]
[EventCountry "POL"]
[SourceTitle "CBM 108"]
[Source "ChessBase"]
[SourceDate "2005.09.26"]
[SourceVersion "1"]
[SourceVersionDate "2005.09.26"]
[SourceQuality "1"]

1. e4 e5 2. Nf3 Nf6 3. Nxe5 d6 4. Nf3 Nxe4 5. Nc3 {Das ist heutzutage die
aktuellste Fortsetzung, die man gegen Russisch spielt. Danach läuft das Spiel
praktisch auf zwei Ergebnisse hinaus, wobei die Remischancen für Schwarz sehr
hoch sind.} Nxc3 6. dxc3 Be7 7. Be3 Nc6 8. Qd2 Be6 {Eine andere Möglichkeit,
diese Stellung zu spielen ist} (8... O-O 9. O-O-O Ne5 {ich sehe hier
allerdings kleine Schwierigkeiten für Schwarz laut der Partie Anand-Kramnik 
(Monaco, 2005)} 10. Kb1 Be6 (10... a6 $2 {Kramnik} 11. Be2 Be6 12. Nd4 Nc4 13.
Qd3 Nxe3 14. Nxe6 fxe6 15. Qxe3 $14) 11. Nd4 Nc4 12. Qd3 Bg4 (12... Nxe3 13.
Nxe6 fxe6 (13... Nxd1 14. Nxd8 Nxf2 15. Qf3 Nxh1 16. Nxb7 $16) 14. Qxe3 Qd7 15.
Bd3 $14) 13. Qxc4 Bxd1 14. f3 $14) 9. O-O-O a6 10. Kb1 {Dieser Zug ist
gefährlicher als 10.b3.} (10. h4 $5 h6 (10... Qd7 $2 11. Ng5 Bxg5 12. hxg5 $16)
11. Kb1 Qd7 $14 {Einerseits ist es gut für Weiß, Raum am Königsflügel zu
gewinnen, andererseits wurde dadurch das Feld g4 geschwächt.}) (10. b3 Qd7 11.
Be2 O-O-O {hier kann sich Schwarz die Rochade erlauben:} 12. Nd4 Nxd4 13. Qxd4
c5 14. Qxg7 Rdg8 15. Qh6 Rxg2 $11 {und} 16. Bxc5 $4 {scheitert am} Bg5+ $19)
10... Qd7 11. Be2 (11. Ng5 {eine standardmäßige Abwicklung, die dem Weißen
einen symbolischen Vorteil bringt.} Bxg5 12. Bxg5 f6 13. Be3 O-O-O $11 {
Die beste Verteidigungsmethode hier ist die Verdoppelung der Türme auf der
e-Linie und Tausch aller möglichen Figuren. Dabei sollte man mit der Bewegung
des h-Bauern vorsichtig sein, auf h7 steht er am besten, auf h6 auch noch gut,
aber auf h5 schon ziemlich gefährlich.}) 11... h6 $1 (11... O-O-O {wäre
Standard, aber keine gute Fortsetzung.} 12. Nd4 $1 Nxd4 (12... Bd5 $5) 13. Qxd4
c5 (13... Bf6 14. Qa7 Qa4 15. Qa8+ $1 Kd7 16. Qxb7 Qxa2+ 17. Kc1 Rb8 18. Rxd6+
Kxd6 19. Bc5+ Kd7 (19... Kxc5 20. Qxc7+ Kd5 21. Bf3#) (19... Ke5 20. f4+ Kxf4
21. Rf1+ Kg5 22. Be3+ Kg6 23. Qe4+ Bf5 24. Qxf5#) 20. Rd1+ $18) 14. Qxg7 Rdg8
15. Qh6 Rxg2 16. Bxc5 Qa4 (16... Bxa2+ $4 17. Kxa2 Qa4+ 18. Ba3 $18) 17. b3 $16
) 12. Rhe1 O-O-O {Jetzt scheint alles in Ordnung zu sein.} 13. Nd4 Nxd4 14.
Bxd4 (14. cxd4 d5 $11) (14. Qxd4 c5 15. Qxg7 $2 Rdg8 $19) 14... Rhg8 {Sieht
zwar passiv aus, aber dieser Zug ist ganz typisch für diese Variante, Weiß hat
ja sowieso keine Drohungen.} 15. h3 (15. f4 c5 16. Bf2 Bf6 17. h3 Qa4 18. b3 (
18. a3 Rge8 $11) 18... Qa5 $11) 15... Qa4 16. b3 (16. a3 Bg5 17. f4 Bh4 18. Rf1
Rde8 $11) 16... Qa5 17. Bg4 (17. g4 c5 18. Be3 Bf6 19. Kb2 (19. c4 $2 Bc3 $17)
19... d5 $11) 17... Bxg4 18. hxg4 Bg5 $1 {Ein starker strategischer Zug!
Schwarz will den Gegner zu f4 provozieren, um dann Bf6 zu spielen.} (18... Bf6
$2 19. Bxf6 gxf6 20. f3 $14) 19. Qd3 (19. f4 Bf6 20. Bxf6 gxf6 21. Rh1 Rxg4 22.
Rxh6 Qf5 23. Rf1 Qe4 24. Rf2 Rg6 $11) 19... Qd5 (19... Qb5 20. Qh7 Qd7 21. f3
g6 22. c4 $14) (19... c5 20. Qf5+ Kb8 21. c4 g6 22. Qd5 $16) 20. Qg3 (20. c4
Qxg2 21. Qf5+ Kb8 22. Rg1 Qc6 23. Qxf7 Rdf8 $11) (20. f3 Bf6 $5 21. Bxf6 Qxd3
22. Rxd3 gxf6 23. Rh1 (23. Rde3 f5 24. Re7 Rdf8 $11) 23... Rg6 $11) (20. g3 Bf6
21. Bxf6 Qxd3 22. Rxd3 gxf6 23. f3 f5 $11) 20... Rde8 21. f3 (21. Rxe8+ Rxe8
22. c4 Qe4 23. Bxg7 f6 $1 $15) (21. c4 $4 Rxe1 22. cxd5 Rxd1+ 23. Kb2 Rxd4 $19)
21... Rxe1 22. Qxe1 Qe6 23. Qf1 $2 (23. Qxe6+ fxe6 24. c4 e5 $11) 23... Bh4 $1
24. Qh1 Bg3 $15 {Jetzt hat Schwarz sogar die Initiative übernommen. Aber da
Weiß keine offensichtlichen Schwächen hat, und seine Figuren zwar nicht
optimal, aber für Verteidigungszwecke akzeptabel stehen, kann man nicht mehr
als Remis herauspressen.} 25. c4 Qe2 26. Rd3 Bf4 (26... Bf2 27. Bxf2 Qxf2 28.
Qh5 $11) 27. Kb2 Be5 28. Qh5 Bxd4+ 29. Rxd4 Qe5 30. Qf5+ $1 (30. Qxe5 $2 dxe5
31. Rd5 (31. Re4 Re8 32. f4 f6 $17) 31... f6 32. Kc3 Rd8 33. Kd3 c6 $17) 30...
Qxf5 (30... Kb8 31. Qxe5 dxe5 32. Rd7 f6 33. Kc3 $14) 31. gxf5 {Das
Turmendspiel mit gleichem Material ist natürlich Remis. Schwarz wählt die
einfachste Methode aus und tauscht die Bauer des Königsflügels ab:} g6 32. fxg6
(32. Rg4 $6 Kd7 33. Kc3 Ke7 34. Kd4 Kf6 35. fxg6 Rxg6 36. Rxg6+ fxg6 $15 {
aber trotzdem Remis}) 32... Rxg6 33. Rd2 (33. g4 Rf6 34. f4 (34. Rd3 $6 Rf4 35.
Kc3 f5 36. gxf5 Rxf5 $15) 34... Rg6 35. f5 Rg5 36. Rf4 h5 37. gxh5 Rxh5 38. Kc3
Kd7 $11) 33... h5 34. Kc3 h4 35. Kd3 Rg3 36. Ke4 b6 37. Ke3 (37. Kf5 Kd7 38.
Kf6 h3 39. gxh3 Rxf3+ 40. Kg7 Rxh3 41. Kxf7 Rf3+ $11) 37... h3 {Die letzte
Schwäche wird erfolgreich abgetauscht} (37... Kd7 $2 38. Kf2 $16) 38. gxh3 Rxh3
39. Kf4 Kd7 40. Re2 Rh5 41. Kg4 Rh6 42. Kg5 Rg6+ 43. Kf5 Rh6 44. f4 Rg6 45. a3
{Es besteht keine Möglichkeit für Weiß, einen Gewinnweg zu finden. Sobald der
Turm die e-Linie verlässt, spielt Schwarz Ke7, ansonsten bewegt sich der Turm
auf den Feldern g6-h6 und Weiß kann ihn von dort nicht vertreiben. Bauer f7
bleibt unantastbar.} 1/2-1/2

[Event "Jermuk FIDE GP"]
[Site "Jermuk"]
[Date "2009.08.21"]
[Round "11"]
[White "Karjakin, Sergey"]
[Black "Alekseev, Evgeny V"]
[Result "1/2-1/2"]
[WhiteElo "2717"]
[BlackElo "2714"]
[Annotator "Kritz,L"]
[PlyCount "99"]
[EventDate "2009.08.09"]
[EventType "tourn"]
[EventRounds "13"]
[EventCountry "ARM"]
[EventCategory "19"]
[SourceTitle "CBM 132"]
[Source "ChessBase"]
[SourceDate "2009.09.16"]
[SourceVersion "1"]
[SourceVersionDate "2009.09.16"]
[SourceQuality "1"]

1. e4 e5 2. Nf3 Nf6 3. Nxe5 {Die zur Zeit oft gespielte Alternative ist 3.d4.}
(3. d4 Nxe4 (3... exd4 4. e5 Ne4 5. Qxd4 $14) 4. Bd3 d5 5. dxe5 {mit
kompliziertem Spiel.}) 3... d6 4. Nf3 Nxe4 5. d4 {Meiner Meinung nach die
einzige Fortsetzung, die es Weiß erlaubt, um Vorteil zu kämpfen, überhaupt
nichts bringt 5.Nc3.} (5. Nc3 Nxc3 6. dxc3 Be7 7. Be3 Nc6 8. Qd2 Be6 $1 {
Die Variante mit der langen Rochade ist die sicherste aus der Sicht von
Schwarz.} 9. O-O-O Qd7 10. Ng5 Bxg5 11. Bxg5 f6 12. Be3 O-O-O $11 {Das weiße
Läuferpaar hat keine große Bedeutung, weil die Stellung relativ geschlossen
ist.}) 5... d5 6. Bd3 Bd6 (6... Nc6 7. O-O Be7 {Ist die Hauptvariante.} 8. c4 (
8. Re1 $5 {gewinnt mehr an Popularität in letzter Zeit.} Bg4 9. c4 (9. c3 f5
10. Nbd2 O-O 11. Qb3 Na5 12. Qc2 Nc6 13. b4 a6 14. a4 Bd6 15. Ba3 Kh8 $132 {
Morozevich - Gelfand (Yerevan, 2008)}) 9... Nf6 10. Nc3 Bxf3 11. Qxf3 Nxd4 12.
Qd1 Ne6 $132 {Weiß hat verschiede Möglichkeiten, seine Initiative zu entfalten,
und ich denke, wir werden in naher Zukunft einige interessante Partien in
dieser Variante sehen.}) 8... Nb4 9. Be2 O-O 10. Nc3 Bf5 11. a3 Nxc3 12. bxc3
Nc6 13. Re1 Re8 14. cxd5 Qxd5 15. Bf4 Rac8 $11 {Das ist die Ausgangsstellung
der Hauptvariante, die bis zum tiefen Endspiel analysiert wurde und es gezeigt
wurde, dass Schwarz sich überall halten kann.}) 7. O-O O-O 8. c4 c6 9. Re1 Re8
(9... Bf5 {ist der Hauptzug.} 10. Nc3 (10. c5 $2 Bc7 11. Nc3 Nd7 $132 {
Naiditsch - Kramnik (Dortmund, 2009)}) (10. Qc2 Bg6 11. c5 Bc7 12. Nc3 f5 $6
13. Qb3 Rf7 14. Ng5 b6 15. Bxe4 fxe4 16. Nxf7 Bxf7 17. cxb6 axb6 18. Ne2 $16 {
Anand - Morozevich (Monte Carlo, 2003)}) 10... Nxc3 11. bxc3 Bxd3 12. Qxd3 dxc4
13. Qxc4 Nd7 14. Qb3 (14. Bg5 Qc7 15. Be7 Nb6 16. Bxd6 Qxd6 17. Qb3 Rae8 18. c4
Qc7 19. a4 Nd7 20. Rab1 b6 $11 {Ivanchuk - Gelfand (Lviv, 2000)}) 14... Qc7 15.
c4 Rfe8 16. Bb2 h6 17. g3 Rad8 18. Nh4 Bf8 19. Qc2 Qa5 $11 {Adams - Morozevich
(Dortmund, 2002)}) 10. Nc3 ({Eine vertretbare Alternative ist} 10. cxd5 cxd5
11. Nc3 Nxc3 12. Rxe8+ Qxe8 13. bxc3 {, wonach Schwarz am besten} b6 {spielen
sollte.} (13... Bg4 14. Be3 Qd7 15. Rb1 Nc6 16. h3 Bh5 17. Ne5 Bxd1 18. Nxd7
Ba4 19. Nc5 Bxc5 20. dxc5 $14 {Grischuk - Tkachiev (Belfort, 2004)}) (13... Nc6
14. Qb3 Qd7 15. g3 Bf8 16. Ba3 Bxa3 17. Qxa3 Qd8 18. Re1 $36 {Kasparov -
Ehlvest (Moscow, 2002)}) 14. Be3 Ba6 15. Ng5 h6 16. Bh7+ Kf8 17. Nf3 Nd7 18.
Qc2 Qe7 19. Re1 Re8 20. Bf5 Nf6 $132 {Carlsen - Mamedyarov (Wijk aan Zee, 2005)
}) 10... Nxc3 11. bxc3 Rxe1+ (11... Bg4 12. Bg5 Rxe1+ 13. Qxe1 Qc8 14. c5 Bf8
15. Qb1 g6 16. Ne5 $14 {Ivanchuk - Tereladze (Yerevan, 2004)}) 12. Qxe1 h6 13.
c5 {Alternativen sind:} (13. Ne5 Nd7 (13... dxc4 $2 14. Bxc4 $16) (13... Be6
14. c5 Bc7 15. f4 Qc8 16. Rb1 b5 17. Rb2 $14 {Morozevich - Moiseenko (Sochi,
2006)}) 14. f4 Nf6 15. c5 Bc7 {->13.c5}) (13. Rb1 b6 14. cxd5 cxd5 15. c4 Ba6
16. Qe2 Bxc4 17. Bxc4 dxc4 18. Qxc4 a6 19. a4 Qc7 $11 {Akopian - Mamedyarov 
(Elista, 2008)}) 13... Bc7 14. Ne5 (14. Nh4 {wurde bis jetzt öfters gespielt.}
b6 {Im zweiten Versuch hat Mamedyarov die richtige Reaktion gefunden.} (14...
Bxh2+ $6 15. Kxh2 Qxh4+ 16. Kg1 Qd8 17. Qe3 b6 18. Qg3 Kh8 19. Qh2 Qf8 20. Bf4
Nd7 21. Re1 $44 {Weiß hatte ausgezeichnete Kompensation für den Bauern in
Anand - Mamedyarov (Benidorm, 2003)}) 15. Nf5 Be6 16. Ba3 Nd7 17. cxb6 axb6 18.
Ne7+ Kh8 19. Nxc6 Bxh2+ 20. Kxh2 Qc7+ 21. Kg1 Rxa3 $132 {Stellwagen -
Mamedyarov (Wijk aan Zee, 2005)}) 14... Nd7 $5 (14... Be6 15. f4 $14 {Der
Läufer auf e6 ist anfällig.}) 15. f4 Nf6 16. f5 $2 {Ein neuer und schlechter
Zug.} (16. Rb1 $5 {Weiß hat eine vorübergehende Initiative, jedoch mit den
richtigen Zügen kommt Schwarz zu vollwertigem Spiel.} Qe8 17. Rb2 Ne4 18. c4 f6
19. cxd5 cxd5 20. Bb5 Qe6 21. Ng6 Qf7 22. Nh4 g5 23. Nf3 Bf5 24. Bd3 b6 25. Re2
Re8 $132 {Polgar - Mamedyarov (Benidorm, 2003)}) 16... Ne4 $1 {Wenn Schwarz
seinen Springer problemlos nach e4 stellen kann, dann hat Weiß eindeutig was
falsch gemacht.} 17. Bxe4 dxe4 18. Qg3 (18. Qxe4 $2 Qe7 $1 19. f6 (19. Qe1 f6
20. Nd3 Qxe1+ 21. Nxe1 Bxf5 $17) 19... Qxf6 20. Bf4 Bf5 $15) 18... Bxf5 (18...
f6 $2 19. Bxh6 Qf8 20. Rf1 $1 fxe5 (20... Qf7 21. Rf4 fxe5 22. Rg4 $18) 21. f6
$18) ({Stärker ist} 18... h5 $1 19. Bf4 (19. Bh6 Qf6 20. Bf4 Bxf5 $17) 19...
Bxe5 20. Bxe5 f6 21. Bc7 Qd5 22. Qg6 Bxf5 23. Qxh5 Qd7 24. Bf4 Re8 $15) 19.
Bxh6 Qf6 20. Bf4 Qe6 21. Rf1 $2 {Erneuter Fehlgriff.} (21. Rb1 $1 Qxa2 (21...
b6 22. Nxc6 Qxc6 23. Bxc7 bxc5 24. Be5 f6 25. d5 Qxd5 26. Bxf6 Qf7 27. Be5 Re8
$11) 22. Rxb7 Qa1+ 23. Kf2 Bxe5 24. Bxe5 Qa2+ 25. Ke3 Bg6 $11) 21... Bxe5 $1 {
Die Stellung mit ungleichfarbigen Läufern ist etwas angenehmer für Schwarz.}
22. Bxe5 f6 23. Bf4 Re8 24. Be3 Kf7 ({Sehr logisch sieht} 24... b5 $1 {aus.
Schwarz blockiert die weiße Bauernmehrheit im Zentrum und am Damenflügel.} 25.
Qc7 (25. cxb6 axb6 $15) 25... Bg6 26. Qxa7 Qc4 $44) 25. c4 $1 {Weiß nutzt die
Gelegenheit aus, die Beweglichkeit seiner Bauern zu behalten.} Bg6 26. Rc1 Bh5
27. Qf2 Kg8 28. a4 {Nun ist die Stellung völlig ausgeglichen. Beide Seiten
würden zu viel riskieren, wenn sie versuchen würden, direkt auf Gewinn zu
spielen.} Re7 29. a5 a6 30. h3 Bf7 31. Qg3 Kh7 32. Rc3 Qd7 33. Kh2 Qd8 (33...
Qc7 {sichert das sofortige Remis.} 34. Qxc7 Rxc7 $11) 34. Qd6 Rd7 35. Qf4 Qxa5
36. Qxe4+ Kg8 {Der Bauerntausch hat nicht viel bewegt.} (36... Bg6 37. Qh4+ Kg8
38. Qe1 Bf7 $11) 37. Rc1 Qd8 38. Qg4 Qe8 39. Rc3 {Beide Seiten stehen auf
demselben Platz.} Qe6 40. Qxe6 Bxe6 {Das Endspiel mit ungleichfarbigen Läufern
ist selbstverständlich Remis.} 41. h4 Kh7 42. Kg3 g5 43. hxg5 fxg5 44. d5 cxd5
45. cxd5 Rxd5 46. Rb3 Rd7 47. Rb6 Bd5 48. Rd6 Bc6 49. Rxd7+ Bxd7 50. Bxg5
1/2-1/2